000
00288nam a2200109Ia 4500
008
180309s9999 xx 000 0 und d
020
_a
971130063
245
_a
GOD'S promise to you /
260
_a
Ermita, Manila
_b
1899
_c
Philippine bible society
300
_a
61 pages
650
_a
Religion
999
_c
356115
_d
356115